| 000 | 01082nam a2200265Ia 4500 | ||
|---|---|---|---|
| 003 | OSt | ||
| 005 | 20221005105615.0 | ||
| 006 | a|||||r|||| 00| 0 | ||
| 007 | ta | ||
| 008 | 221004b |||||||| |||| 00| 0 hin d | ||
| 020 |
_a9788123782737 (pbk) _cIndian Rupees 325 |
||
| 024 | _a70631 | ||
| 037 |
_bGift, 05/12/2021, _cTextual |
||
| 040 |
_aCRL _cCRL _bhin |
||
| 041 |
_2hin _ahin |
||
| 082 | _aV2y7M61, 152Q8 | ||
| 100 | _aपाण्डेय, बालमुकुन्द, ले. | ||
| 245 | 0 | _aमहामना मदनमोहन मालवीय व्यक्तित्व और विचार | |
| 246 | _aMahāmanā madanamohan mālavīya vyaktitva aur vichāra | ||
| 260 |
_aनई दिल्ली _bराष्ट्रीय पुस्तक न्यास भारत _c2018 |
||
| 300 |
_a301पृ0 _ccm. |
||
| 650 |
_aभारत-इतिहास _9156353 |
||
| 942 |
_hV2y7M61, 152Q8 _cTEXL _2cc |
||
| 999 |
_c1016330 _d1016330 |
||